| 000 | 01076nam a2200229Ia 4500 | ||
|---|---|---|---|
| 001 | A262-35275 | ||
| 003 | IT-CnALBA | ||
| 008 | 170116s9999||||xx |||||||||||||| ||und|| | ||
| 040 |
_aIT-CnALBA _cIT-CnALBA |
||
| 041 | _aLATINO | ||
| 100 | _aCHEUBINI LAERZIO | ||
| 245 | 0 | _aMAGNUM BULLARIUM ROMANUM TOMUD II A PIO IV USQUE AD INNOCENTIUM NONUM. | |
| 250 | _a1a ed. | ||
| 260 |
_a LUGDUNI _bBORDE P., ARNAUD G. E P. _c1655 [1° Ed.:1655 - Ed.Ling.Originale: 1655] |
||
| 300 | _a728 p. | ||
| 500 | _aCDLXXXVII COSTITUZIONI DI VI PONTEFICI. BOLLARIO ROMANO DA PIO IV AD INNOCENZO IX. PIO V. GREGORIO XIII. SISTO V. GREGORIO XIV. INNOCENZO IV. ILLUSTRAZIONI XILOGRAFICHE DEI PAPI. | ||
| 501 | _aSocietà San Paolo EM - Piazza San Paolo, 14 - 12051 ALBA (CN) (non commercial uses only) ® Copyright 2017 | ||
| 520 | _aCDLXXXVII COSTITUZIONI DI VI PONTEFICI. BOLLARIO ROMANO DA PIO IV AD INNOCENZO IX. PIO V. GREGORIO XIII. SISTO V. GREGORIO XIV. INNOCENZO IV. ILLUSTRAZIONI XILOGRAFICHE DEI PAPI. | ||
| 650 | _aECCLESIOLOGIA | ||
| 942 | _cBK | ||
| 957 | _71 | ||
| 999 |
_a40042 _bSI _g Copie: 1 _c294105 _d294105 |
||